000 00837nam a22002057a 4500
005 20240530110534.0
008 160328s2012 ua h f b 000 0dara d
017 _a2012/14164
_bمصر . دار الكتب المصرية
020 _a9789773017712
040 _aEG-CaGPL
082 0 4 _221
_a962.0352
_bق/ع ث
100 0 _aعادل احمد سركيس
245 1 0 _aثورة شعبية لا هوجة عرابى /
_cعادل احمد سركيس
260 _aالقاهرة :
_bهبة النيل العربية للنشر و التوزيع ،
_c2012 .
300 _a262 ص :
_bصور ؛
_c24 سم .
504 _aيشتمل على ارجاعات ببليوجرافية
651 0 4 _2مصر
_xتاريخ
_yالعصر الحديث
_xالثورة العرابية
942 _2ddc
_cBK
999 _c62161
_d62161